[Event "?"]
[Site "?"]
[Date "2004.03.27"]
[Round "7.46"]
[White "Apanaviciute, K."]
[Black "Karahaliou, E."]
[Result "1-0"]
[WhiteElo "2041"]
[BlackElo "2132"]
[PlyCount "79"]
[EventDate "2004.??.??"]

1. e4 c5 2. Nc3 Nc6 3. g3 e6 4. Bg2 Nf6 5. d3 Be7 6. Nge2 d5 7. exd5 exd5 8. d4
cxd4 9. Nxd4 Bg4 10. f3 Bd7 11. Be3 O-O 12. O-O Ne5 13. Bf2 Nc4 14. b3 Nb6 15.
Nce2 Qc7 16. Qd3 g6 17. Be3 Kg7 18. Kh1 h5 19. Bf4 Qc8 20. Ng1 Rh8 21. Be5 Rh7
22. f4 Kh6 23. f5 g5 24. h4 Rg7 25. hxg5+ Rxg5 26. Bf4 Nh7 27. Nh3 Qg8 28. Rae1
Bf6 29. Nf3 Rc8 30. Ne5 Be8 31. Bf3 a6 32. a4 Qf8 33. Qd2 Qc5 34. Qh2 Qxc2 35.
Re2 Qxb3 36. Nxg5 Nxg5 37. Qxh5+ Kg7 38. Bxg5 Bxe5 39. Qh6+ Kg8 40. f6 1-0

[Event "?"]
[Site "?"]
[Date "2004.03.27"]
[Round "7.47"]
[White "Grossmann, S."]
[Black "Shmirina, G."]
[Result "0-1"]
[WhiteElo "1977"]
[BlackElo "2120"]
[PlyCount "84"]
[EventDate "2004.??.??"]

1. e4 e6 2. d3 d5 3. Nd2 Nf6 4. Ngf3 b6 5. c3 c5 6. Qc2 Bb7 7. g3 Nc6 8. Bg2
Be7 9. O-O Qc7 10. a3 h6 11. Re1 dxe4 12. dxe4 O-O-O 13. Nc4 g5 14. a4 Ba6 15.
Nfd2 Ng4 16. Bf1 Kb8 17. Ne5 Bxf1 18. Nxc6+ Qxc6 19. Nxf1 Ne5 20. Qe2 h5 21. h3
f5 22. Nh2 Nd3 23. exf5 Nxe1 24. Qxe1 exf5 25. Qe5+ Qd6 26. Qxf5 Rhf8 27. Qe4
Qd1+ 28. Nf1 Bd6 29. Rb1 Rde8 30. Qg2 Qc2 31. Ra1 Re1 32. Bf4 Rxf1+ 33. Rxf1
gxf4 34. Qd5 Qg6 35. Rd1 Bc7 36. a5 Rd8 37. Qf3 Rxd1+ 38. Qxd1 fxg3 39. Qf3
gxf2+ 40. Kxf2 bxa5 41. Qf8+ Kb7 42. Qf3+ Kb6 0-1

[Event "?"]
[Site "?"]
[Date "2004.03.27"]
[Round "7.48"]
[White "Fuchs, A."]
[Black "Cavusoglu, Y."]
[Result "1-0"]
[WhiteElo "2099"]
[BlackElo "2013"]
[PlyCount "197"]
[EventDate "2004.??.??"]

1. e4 c6 2. g3 d5 3. Bg2 dxe4 4. Bxe4 Nf6 5. Bg2 Bf5 6. Nc3 e6 7. Nf3 h6 8. b3
Be7 9. Bb2 Nbd7 10. O-O O-O 11. Qe2 Re8 12. d4 Nb6 13. Rfd1 a5 14. a3 Rc8 15.
Ne5 Nbd5 16. Na4 Qc7 17. c4 Nb6 18. Nc3 Rcd8 19. Rd2 Nbd7 20. Rad1 Qb6 21. Nxd7
Rxd7 22. d5 exd5 23. Na4 Qd8 24. cxd5 Bg4 25. Bf3 Bb4 26. Bxf6 Rxe2 27. Bxd8
Rxd2 28. Bxg4 Rxd1+ 29. Bxd1 Rxd5 30. Bf3 Rxd8 31. axb4 Rd3 32. Be2 Rxb3 33.
bxa5 Ra3 34. Nc5 Rxa5 35. Nxb7 Ra1+ 36. Kg2 Rc1 37. Nd6 Kf8 38. Kf3 Ke7 39.
Nf5+ Kf6 40. g4 c5 41. Ne3 g6 42. h4 Rh1 43. g5+ hxg5 44. Ng4+ Ke7 45. hxg5 Ra1
46. Bc4 Ra3+ 47. Ke4 Ra1 48. Kd5 Re1 49. Kxc5 Re4 50. f3 Rf4 51. Ne5 Rf5 52.
Kd4 Rxg5 53. Nxf7 Rg1 54. Ne5 g5 55. Ke4 Kf6 56. Ng4+ Kg6 57. Bd3 Re1+ 58. Kd5+
Kh5 59. Be4 Ra1 60. Ke6 Ra6+ 61. Kf5 Ra5+ 62. Ne5 Kh4 63. Bd3 Rd5 64. Ke4 Ra5
65. Nf7 Ra4+ 66. Ke3 Ra5 67. Nd6 Re5+ 68. Be4 Re6 69. Nf5+ Kh3 70. Nd4 Re8 71.
Kf2 Rb8 72. Bf5+ Kh2 73. Ne6 Rb2+ 74. Ke3 Rb3+ 75. Bd3 g4 76. fxg4 Kg3 77. g5
Rb8 78. Ke4 Rg8 79. Kf5 Kh4 80. Kf6 Ra8 81. g6 Kh5 82. Kg7 Ra7+ 83. Kg8 Kh6 84.
Kf8 Ra8+ 85. Kf7 Ra7+ 86. Kf6 Rb7 87. Be4 Ra7 88. Nd8 Ra6+ 89. Bc6 Ra1 90. Nf7+
Kh5 91. Bf3+ Kh4 92. Ne5 Ra6+ 93. Bc6 Ra1 94. g7 Rf1+ 95. Nf3+ Kh3 96. g8=Q Rd1
97. Qh7+ Kg3 98. Qh2+ Kg4 99. Qh4# 1-0

[Event "?"]
[Site "?"]
[Date "2004.03.27"]
[Round "7.49"]
[White "Bayrak, A."]
[Black "Skibbe, D."]
[Result "0-1"]
[WhiteElo "1898"]
[BlackElo "2094"]
[PlyCount "118"]
[EventDate "2004.??.??"]

1. e4 e5 2. Nf3 Nc6 3. Bc4 Nf6 4. d3 Bc5 5. Nbd2 O-O 6. O-O a6 7. c3 b5 8. Bb3
d6 9. Re1 Ne7 10. d4 exd4 11. cxd4 Bb6 12. h3 Ng6 13. Nf1 h6 14. Ng3 Bb7 15.
Bc2 Re8 16. b3 c5 17. Bb2 Nd7 18. Nf5 Nf6 19. e5 dxe5 20. dxe5 Qxd1 21. Raxd1
Bxf3 22. gxf3 Nh5 23. Nd6 Nh4 24. Be4 Rf8 25. Bxa8 Rxa8 26. Kf1 Nxf3 27. Re3
Ng5 28. h4 Ne6 29. Rf3 Ra7 30. Nc8 Rb7 31. Nxb6 Rxb6 32. Rd6 Rb7 33. Rxa6 Nhf4
34. Rd6 g5 35. hxg5 hxg5 36. Rg3 c4 37. Bc1 Kf8 38. Bxf4 gxf4 39. Rf3 Ke7 40.
bxc4 bxc4 41. Rc3 Rb2 42. a4 Rb4 43. Ra6 Nc5 44. Ra7+ Ke6 45. a5 Ra4 46. Kg2
Kxe5 47. Rxf7 Kd4 48. Rc1 Nd3 49. Rd7+ Ke4 50. Re7+ Kd5 51. Rd1 Rxa5 52. Kf3
Kd4 53. Rd7+ Kc3 54. Kg4 Nxf2+ 55. Kxf4 Nxd1 56. Rxd1 Kb2 57. Rd8 Rb5 58. Ke3
c3 59. Rd3 c2 0-1

[Event "?"]
[Site "?"]
[Date "2004.03.27"]
[Round "7.50"]
[White "Cinar, N."]
[Black "Oney, F."]
[Result "1-0"]
[WhiteElo "2092"]
[BlackElo "1809"]
[PlyCount "81"]
[EventDate "2004.??.??"]

1. e4 c6 2. d4 d5 3. exd5 cxd5 4. Bd3 Nc6 5. c3 Nf6 6. Bf4 Bg4 7. Qb3 Qc8 8.
Nd2 e6 9. Ngf3 Bh5 10. Ne5 Nxe5 11. Bxe5 Nd7 12. Bg3 Be7 13. O-O O-O 14. f4 Bd6
15. Rae1 Nf6 16. Bh4 Qc7 17. Bxf6 gxf6 18. g3 f5 19. Re3 Kh8 20. Rf2 Rg8 21.
Kf1 Bg4 22. Ke1 Bh3 23. Be2 a6 24. Bf3 b5 25. Qd1 Rab8 26. a3 a5 27. Be2 Qb6
28. Nf3 b4 29. Ng5 Rxg5 30. fxg5 bxa3 31. bxa3 Bxa3 32. Bd3 Bb2 33. Bc2 Rc8 34.
Qh5 Rxc3 35. Ree2 Rxc2 36. Rxc2 Qb4+ 37. Rfd2 Bc3 38. Qxh3 Bxd2+ 39. Rxd2 Qb1+
40. Kf2 Qc1 41. Ke2 1-0

[Event "?"]
[Site "?"]
[Date "2004.03.27"]
[Round "7.53"]
[White "Hafenstein, A."]
[Black "Roelli, C."]
[Result "0-1"]
[WhiteElo "2051"]
[BlackElo "2020"]
[PlyCount "126"]
[EventDate "2004.??.??"]

1. e4 c5 2. Ne2 Nc6 3. g3 g6 4. Bg2 Bg7 5. O-O e6 6. c3 Nge7 7. d4 cxd4 8. cxd4
d5 9. e5 Nf5 10. g4 Nh4 11. Nbc3 f6 12. f4 O-O 13. Be3 Bd7 14. Qd2 Na5 15. b3
Nxg2 16. Kxg2 b5 17. Ng3 b4 18. Nce2 Nc6 19. Rf3 fxe5 20. dxe5 d4 21. Rd1 Bxe5
22. Kg1 Qb6 23. Rff1 Bg7 24. Nxd4 Qb7 25. Nf3 Rad8 26. Qe1 e5 27. Bc5 Rxf4 28.
h3 h5 29. Ng5 hxg4 30. Rxf4 exf4 31. N3e4 g3 32. Qf1 Be8 33. Rxd8 Nxd8 34. Qxf4
Qd5 35. Qxg3 Ne6 36. Nxe6 Qxe6 37. Qe3 Bd7 38. Bxa7 Bc6 39. Ng5 Qd5 40. Qe6+
Qxe6 41. Nxe6 Bc3 42. Bd4 Be4 43. Kf2 Bf5 44. Bxc3 bxc3 45. Nf4 Bxh3 46. Ke2
Bf5 47. Kd1 Bb1 48. a3 Be4 49. Kc1 g5 50. Ne2 c2 51. a4 Kf7 52. b4 Ke7 53. a5
Bd3 54. Ng3 Kd6 55. Nh1 g4 56. b5 Bxb5 57. Kxc2 Ke5 58. Kd2 Kf4 59. Ke1 Kf3 60.
Nf2 g3 61. Nh3 g2 62. Ng5+ Kg3 63. Ne4+ Kh2 0-1

[Event "?"]
[Site "?"]
[Date "2004.03.28"]
[Round "8.2"]
[White "Cramling, P."]
[Black "Slavina, I."]
[Result "0-1"]
[WhiteElo "2488"]
[BlackElo "2413"]
[PlyCount "78"]
[EventDate "2004.??.??"]

1. d4 d5 2. Nf3 c6 3. c4 e6 4. Nc3 dxc4 5. a4 Bb4 6. e3 b5 7. Bd2 a5 8. axb5
Bxc3 9. Bxc3 cxb5 10. b3 Bb7 11. bxc4 b4 12. Bb2 Nf6 13. Bd3 Nbd7 14. O-O O-O
15. Nd2 Qc7 16. f4 a4 17. Rb1 Rfd8 18. Qe2 b3 19. Ba1 Nb8 20. e4 Nc6 21. d5 Nb4
22. Rf3 exd5 23. exd5 Qb6+ 24. Qf2 Qxf2+ 25. Kxf2 Nfxd5 26. Be4 Ne7 27. Bxb7
Rxd2+ 28. Kg3 Rb8 29. Bc3 Rd7 30. Bxb4 Rdxb7 31. Ba3 Nf5+ 32. Kg4 Nd4 33. Rd3
Nc2 34. Bd6 Rc8 35. c5 b2 36. Rc3 a3 37. c6 Rxc6 38. Rxc6 h5+ 39. Kxh5 a2 0-1

[Event "?"]
[Site "?"]
[Date "2004.03.28"]
[Round "8.4"]
[White "Danielian, E."]
[Black "Zimina, O."]
[Result "1-0"]
[WhiteElo "2428"]
[BlackElo "2408"]
[PlyCount "105"]
[EventDate "2004.??.??"]

1. d4 d5 2. Nf3 Nf6 3. Bf4 c5 4. e3 Nc6 5. Be2 Qb6 6. Nc3 a6 7. O-O e6 8. Na4
Qa5 9. Nxc5 Bxc5 10. dxc5 Qxc5 11. Ne5 O-O 12. Nxc6 bxc6 13. c4 a5 14. Rc1 Qb6
15. Be5 Nd7 16. Bd4 Qb4 17. Bc3 Qb6 18. cxd5 cxd5 19. Qa4 Rd8 20. Rfd1 Bb7 21.
Qb5 Ba6 22. Qxb6 Nxb6 23. Bxa6 Rxa6 24. Bd4 Nd7 25. Rc7 f6 26. f4 Kf7 27. Rdc1
Kg6 28. R1c6 Rxc6 29. Rxc6 Nf8 30. g4 h5 31. h3 Ra8 32. a4 hxg4 33. hxg4 Kf7
34. Rc7+ Kg6 35. Bc3 Ra6 36. Kf2 Kh6 37. Rc5 Nd7 38. Rxa5 Rxa5 39. Bxa5 Nc5 40.
b3 Nxb3 41. Bb4 Nc1 42. Kf3 Nd3 43. Ba3 Ne1+ 44. Ke2 Nc2 45. Bd6 d4 46. e4 Ne3
47. Kd3 Nd1 48. Kxd4 Nb2 49. a5 Na4 50. Kc4 Nb2+ 51. Kb5 Nd1 52. a6 Nc3+ 53.
Kc6 1-0

[Event "?"]
[Site "?"]
[Date "2004.03.28"]
[Round "8.5"]
[White "Zhukova, N."]
[Black "Lomineishvili, M."]
[Result "1-0"]
[WhiteElo "2462"]
[BlackElo "2397"]
[PlyCount "83"]
[EventDate "2004.??.??"]

1. e4 c5 2. Nc3 Nc6 3. g3 g6 4. Bg2 Bg7 5. f4 d6 6. Nf3 e6 7. O-O Nge7 8. d3
O-O 9. Be3 Nd4 10. e5 Nef5 11. Bf2 Nxf3+ 12. Qxf3 Nd4 13. Qd1 dxe5 14. fxe5
Bxe5 15. Ne4 f5 16. Nxc5 Qc7 17. b4 Nb5 18. d4 Rd8 19. c3 Nxc3 20. Qf3 Rxd4 21.
Rac1 Ne4 22. Nxe4 fxe4 23. Qe2 Qd6 24. Bxd4 Bxd4+ 25. Kh1 Bd7 26. Bxe4 Rf8 27.
Rxf8+ Qxf8 28. Qc4 Qf2 29. Bxb7 Qe3 30. Rf1 Bb6 31. a4 Qd4 32. Qxd4 Bxd4 33. b5
Bb6 34. Kg2 Kg7 35. Rd1 Be8 36. Bc6 Bf7 37. Rd7 Kf6 38. a5 Bxa5 39. Rxa7 Bd8
40. Ra6 Ke7 41. b6 Kd6 42. b7 1-0

[Event "?"]
[Site "?"]
[Date "2004.03.28"]
[Round "8.8"]
[White "Foisor, C."]
[Black "Kovalevskaya, E."]
[Result "1-0"]
[WhiteElo "2404"]
[BlackElo "2451"]
[PlyCount "99"]
[EventDate "2004.??.??"]

1. d4 Nf6 2. c4 g6 3. g3 Bg7 4. Bg2 O-O 5. Nc3 d6 6. e3 e5 7. Nge2 Qe7 8. h3 c6
9. b3 h5 10. a4 e4 11. Ba3 a5 12. Ra2 Na6 13. Rd2 Nb4 14. Nc1 Bf5 15. N3a2 c5
16. Bb2 d5 17. Nxb4 axb4 18. cxd5 Nxd5 19. Ne2 Rfc8 20. O-O c4 21. bxc4 Rxc4
22. Qb3 Rac8 23. Ra1 Be6 24. Qd1 Nc3 25. Qe1 Bd7 26. Bxc3 bxc3 27. Rc2 Bxa4 28.
Rxc3 Bb5 29. Rb3 Ba4 30. Rb6 Bc2 31. Nf4 Qc7 32. Qa5 Bd3 33. Nd5 Qd7 34. h4
Rc1+ 35. Rxc1 Rxc1+ 36. Kh2 Kh7 37. Nf4 Rc2 38. Nh3 Bh6 39. Qb4 Rc7 40. Rd6 Qe7
41. Qb6 Kg8 42. Rd5 Rc6 43. Qa7 Re6 44. Qb8+ Bf8 45. Nf4 Rd6 46. Rxd6 Qxd6 47.
Qxb7 f5 48. Qb3+ Kh7 49. Qf7+ Kh6 50. Ne6 1-0

[Event "?"]
[Site "?"]
[Date "2004.03.28"]
[Round "8.10"]
[White "Alexandrova, O."]
[Black "Paehtz, E."]
[Result "1/2-1/2"]
[WhiteElo "2437"]
[BlackElo "2399"]
[PlyCount "163"]
[EventDate "2004.??.??"]

1. d4 d5 2. c4 c6 3. cxd5 cxd5 4. Nc3 Nc6 5. Nf3 a6 6. Bf4 Nf6 7. e3 Bg4 8. h3
Bxf3 9. Qxf3 e6 10. Bd3 Bd6 11. Bg5 h6 12. Bh4 Be7 13. O-O O-O 14. Rfc1 Ne8 15.
Bxe7 Qxe7 16. Na4 Nd6 17. Qd1 f5 18. Nc5 Rac8 19. a3 Nb8 20. Rc2 Nd7 21. Rac1
Nf6 22. b4 g5 23. a4 Rf7 24. a5 g4 25. g3 gxh3 26. Bf1 h5 27. Bxh3 Rg7 28. Kf1
Rf8 29. Nd3 Nc4 30. Ke2 Ne4 31. Nc5 h4 32. gxh4 Nxf2 33. Qf1 Ne4 34. Qf4 Ng3+
35. Kd3 e5 36. dxe5 Nxe5+ 37. Kc3 Ne4+ 38. Nxe4 dxe4 39. Bf1 Rg4 40. Qh6 Rf6
41. Qh5 Kg7 42. Kb3 Nc6 43. Rc5 Rg3 44. R1c3 Qd7 45. Bc4 Rg4 46. Be2 Rgg6 47.
Bc4 Qe7 48. Bd5 Qd7 49. Qe2 Kh6 50. Qh2 Rg4 51. Bxc6 bxc6 52. Qc2 Qf7+ 53. Kb2
Qg7 54. Ka3 Rg2 55. Qb3 Qd7 56. Rc2 Rxc2 57. Qxc2 Rd6 58. Rc3 Rd3 59. Rxd3 exd3
60. Qd2 Kh5 61. Kb3 c5 62. bxc5 Qb5+ 63. Kc3 Qxa5+ 64. Kxd3 Qxc5 65. Qf2 Qd5+
66. Kc3 Qe4 67. Kd2 a5 68. Kc3 a4 69. Kb2 Qb4+ 70. Ka2 Qb3+ 71. Ka1 Qc3+ 72.
Ka2 Qc4+ 73. Kb2 Kg4 74. Kb1 a3 75. Ka1 Qc3+ 76. Ka2 Qb2+ 77. Qxb2 axb2 78.
Kxb2 Kxh4 79. Kc3 Kg4 80. Kd4 Kf3 81. Ke5 Kxe3 82. Kxf5 1/2-1/2

[Event "?"]
[Site "?"]
[Date "2004.03.28"]
[Round "8.11"]
[White "Mkrtchian, L."]
[Black "Gaponenko, I."]
[Result "1/2-1/2"]
[WhiteElo "2395"]
[BlackElo "2430"]
[PlyCount "58"]
[EventDate "2004.??.??"]

1. c4 e6 2. Nc3 d5 3. d4 c5 4. cxd5 exd5 5. Nf3 Nc6 6. g3 Nf6 7. Bg2 Be7 8. O-O
O-O 9. dxc5 Bxc5 10. Bg5 d4 11. Ne4 Be7 12. Bxf6 Bxf6 13. Ne1 Re8 14. Nd3 Bf5
15. Nec5 Qe7 16. Re1 Rac8 17. Qa4 Ne5 18. Ne4 Bxe4 19. Bxe4 b6 20. Rac1 g6 21.
Rc2 b5 22. Qb3 Nc4 23. Bf3 Na5 24. Qxb5 Rxc2 25. Qxa5 Rb8 26. Qd5 Kg7 27. Kg2
Qd8 28. Qe4 Qa5 29. Ra1 Qb5 1/2-1/2

[Event "?"]
[Site "?"]
[Date "2004.03.28"]
[Round "8.12"]
[White "Sudakova, I."]
[Black "Kosintseva, N."]
[Result "0-1"]
[WhiteElo "2310"]
[BlackElo "2425"]
[PlyCount "154"]
[EventDate "2004.??.??"]

1. e4 c5 2. Ne2 d6 3. g3 g6 4. Bg2 Bg7 5. c3 Nc6 6. d4 cxd4 7. cxd4 Nf6 8. Nbc3
O-O 9. O-O Bd7 10. h3 Rb8 11. Be3 Na5 12. d5 Nc4 13. Bxa7 Ra8 14. Bd4 Nxb2 15.
Qb3 Na4 16. Qxb7 Rb8 17. Qa6 Nxc3 18. Nxc3 Nxe4 19. Bxg7 Nc5 20. Qe2 Kxg7 21.
Rfe1 Re8 22. h4 h5 23. Qe3 Bf5 24. Bf1 Qa5 25. a4 Nb3 26. Ra2 Qc5 27. Nb5 Qxe3
28. Rxe3 Nc5 29. a5 Bd7 30. Nd4 Ra8 31. a6 Ra7 32. Nb3 Na4 33. Na5 Nc5 34. Nb3
Na4 35. Re1 Rb8 36. Nd4 Kf8 37. Rea1 Nc5 38. Ra5 Rb6 39. Kg2 e5 40. dxe6 fxe6
41. Bb5 Bxb5 42. Rxb5 Raxa6 43. Rxa6 Rxa6 44. Nf3 Ke7 45. Rb8 Ne4 46. Ng5 Nxg5
47. hxg5 e5 48. Rg8 Kf7 49. Rd8 e4 50. Kf1 Ke7 51. Rg8 d5 52. Rg7+ Ke8 53. Ke2
d4 54. Kd2 Ra2+ 55. Ke1 Ra6 56. Kd2 Kf8 57. Rd7 Ra2+ 58. Ke1 d3 59. Rd4 Re2+
60. Kf1 Ke7 61. f3 Re3 62. fxe4 Rxg3 63. Kf2 Rxg5 64. Rxd3 Ke6 65. Kf3 h4 66.
Rd8 Rg3+ 67. Kf2 Ke5 68. Re8+ Kf4 69. e5 Rf3+ 70. Kg2 h3+ 71. Kh2 Kg4 72. Ra8
Rf2+ 73. Kh1 g5 74. e6 Re2 75. Ra4+ Kh5 76. Ra3 Kh4 77. Ra4+ g4 0-1

[Event "?"]
[Site "?"]
[Date "2004.03.28"]
[Round "8.13"]
[White "Pogonina, N."]
[Black "Socko, M."]
[Result "0-1"]
[WhiteElo "2382"]
[BlackElo "2415"]
[PlyCount "86"]
[EventDate "2004.??.??"]

1. e4 e6 2. d4 d5 3. Nd2 Nf6 4. e5 Nfd7 5. Bd3 c5 6. c3 Nc6 7. Ne2 Qb6 8. Nf3
f6 9. exf6 Nxf6 10. O-O Bd6 11. b3 O-O 12. Bf4 Bxf4 13. Nxf4 Qc7 14. Ne2 e5 15.
dxe5 Nxe5 16. Nxe5 Qxe5 17. Qc2 Bd7 18. Ng3 Rae8 19. Rad1 Kh8 20. Rd2 Qf4 21.
Be2 Re5 22. Bf3 h5 23. c4 d4 24. Ne2 Qg5 25. Bxb7 Ng4 26. g3 Qe7 27. Qb2 Ref5
28. Nxd4 cxd4 29. Qxd4 Be8 30. Bg2 Ne5 31. f4 Ng4 32. Be4 R5f6 33. Bf3 Bc6 34.
Re2 Qb7 35. Bxc6 Qxc6 36. Qxa7 h4 37. Qd4 Rd6 38. Qa7 hxg3 39. hxg3 Rh6 40. Rg2
Rf5 41. Rd1 Rfh5 42. Rd8+ Kh7 43. Kf1 Qf3+ 0-1

[Event "?"]
[Site "?"]
[Date "2004.03.28"]
[Round "8.14"]
[White "Zielinska, M."]
[Black "Stepovaia, T."]
[Result "1-0"]
[WhiteElo "2414"]
[BlackElo "2374"]
[PlyCount "93"]
[EventDate "2004.??.??"]

1. g3 c5 2. Bg2 Nc6 3. b3 e5 4. c4 g6 5. Bb2 Bg7 6. Nc3 Nge7 7. d3 O-O 8. e3 d6
9. Nge2 Be6 10. Nd5 Qd7 11. h3 Rab8 12. Nec3 f5 13. Qd2 b6 14. f4 a6 15. O-O b5
16. Rad1 Kh8 17. Kh2 Bf7 18. Bf3 Nxd5 19. Nxd5 Bxd5 20. cxd5 Nd8 21. b4 Nb7 22.
a3 a5 23. Rc1 axb4 24. axb4 cxb4 25. fxe5 dxe5 26. Qxb4 Rfc8 27. Bg2 Nd8 28.
Bxe5 Nf7 29. Bxg7+ Kxg7 30. Qd4+ Kg8 31. e4 Qd6 32. exf5 g5 33. Rce1 Rc2 34.
Re6 Qc5 35. Qxc5 Rxc5 36. Rc6 Rxc6 37. dxc6 Rc8 38. Bd5 Kf8 39. f6 Nd6 40. f7
b4 41. Rb1 Rb8 42. c7 Rb5 43. Be6 Ke7 44. d4 Rb7 45. Rc1 b3 46. c8=Q Nxc8 47.
Rxc8 1-0

[Event "?"]
[Site "?"]
[Date "2004.03.28"]
[Round "8.15"]
[White "Houska, J."]
[Black "Ciuksyte, D."]
[Result "1-0"]
[WhiteElo "2370"]
[BlackElo "2392"]
[PlyCount "123"]
[EventDate "2004.??.??"]

1. e4 c5 2. Nf3 e6 3. b3 d6 4. Bb2 e5 5. Bc4 Be7 6. O-O Nf6 7. Re1 O-O 8. c3
Nc6 9. d4 exd4 10. cxd4 d5 11. exd5 Nxd5 12. dxc5 Be6 13. Nc3 Nxc3 14. Qxd8
Rfxd8 15. Bxe6 Bf6 16. Bc4 Nb4 17. Ne5 Bxe5 18. Rxe5 Nd1 19. Re2 Rac8 20. Ba3
a5 21. Bxb4 axb4 22. Re7 Rxc5 23. Rxb7 Re5 24. h3 h5 25. Rxf7 Kh7 26. a4 bxa3
27. Rxa3 h4 28. Raa7 Re1+ 29. Kh2 Nxf2 30. Rxf2 Rdd1 31. Bd3+ Rxd3 32. Rf4 Rde3
33. Rxh4+ Kg8 34. Rg4 Re7 35. Rxe7 Rxe7 36. b4 Re3 37. Rg3 Re5 38. Rb3 Rb5 39.
Kg3 Kf7 40. Kf4 Ke6 41. Ke4 Kd6 42. Kd4 Kc6 43. Kc4 Rg5 44. b5+ Kb6 45. g4 Re5
46. Kd4 Re8 47. Re3 Rf8 48. Re5 Rh8 49. Rh5 Rd8+ 50. Ke4 Rf8 51. h4 Rf1 52. Rg5
Rf7 53. Rf5 Re7+ 54. Kf4 Kc7 55. Kg5 Kd8 56. Rf8+ Kd7 57. h5 Ke6 58. Kg6 Rb7
59. Rf5 Rc7 60. g5 Rb7 61. h6 gxh6 62. gxh6 1-0

[Event "?"]
[Site "?"]
[Date "2004.03.28"]
[Round "8.17"]
[White "Dworakowska, J."]
[Black "Calotescu, A."]
[Result "1/2-1/2"]
[WhiteElo "2370"]
[BlackElo "2290"]
[PlyCount "66"]
[EventDate "2004.??.??"]

1. e4 c5 2. Nf3 d6 3. d4 cxd4 4. Nxd4 Nf6 5. Nc3 a6 6. Be3 e5 7. Nb3 Be6 8. f3
Nbd7 9. g4 Nb6 10. g5 Nh5 11. Qd2 Be7 12. O-O-O Rc8 13. Kb1 O-O 14. Rg1 Qc7 15.
f4 Nxf4 16. Bxf4 exf4 17. Qxf4 Na4 18. Rg3 Nxc3+ 19. Rxc3 Qb6 20. Rxc8 Rxc8 21.
Nd4 Qc5 22. h4 f6 23. Qh2 Bg4 24. Be2 Bxe2 25. Qxe2 fxg5 26. Nf5 Rc7 27. Nxe7+
Rxe7 28. hxg5 g6 29. Qg4 Qc4 30. Qf4 Qxe4 31. Qxd6 Qe5 32. Qd2 Qe3 33. Qd5+ Qe6
1/2-1/2

[Event "?"]
[Site "?"]
[Date "2004.03.28"]
[Round "8.18"]
[White "Zakurdjaeva, I."]
[Black "Muzychuk, A."]
[Result "1-0"]
[WhiteElo "2244"]
[BlackElo "2367"]
[PlyCount "57"]
[EventDate "2004.??.??"]

1. e4 d5 2. exd5 Nf6 3. d4 Nxd5 4. Nf3 g6 5. c4 Nb6 6. c5 Nd5 7. Bc4 c6 8. Nc3
Bg7 9. O-O O-O 10. Re1 b6 11. Bg5 Be6 12. Nxd5 cxd5 13. Bxe7 Qxe7 14. Bxd5 Nc6
15. Bxc6 Rac8 16. d5 bxc5 17. Qa4 Qd6 18. dxe6 Qxc6 19. Qc4 Bxb2 20. Rab1 Bf6
21. exf7+ Kg7 22. Re6 Qc7 23. Rxf6 Kxf6 24. Re1 Qd6 25. Qh4+ Kg7 26. Ng5 h5 27.
Ne6+ Kxf7 28. Qc4 Rce8 29. Nc7+ 1-0

[Event "?"]
[Site "?"]
[Date "2004.03.28"]
[Round "8.19"]
[White "Richards, H."]
[Black "Djingarova, E."]
[Result "0-1"]
[WhiteElo "2236"]
[BlackElo "2344"]
[PlyCount "74"]
[EventDate "2004.??.??"]

1. e4 e5 2. Nf3 Nc6 3. Bc4 Be7 4. O-O Nf6 5. Re1 d6 6. h3 O-O 7. d4 exd4 8.
Nxd4 Ne5 9. Bf1 c5 10. Nf3 Ng6 11. Nc3 a6 12. a4 b6 13. Nh2 Bb7 14. f4 b5 15.
axb5 axb5 16. Rxa8 Qxa8 17. Nxb5 Nxe4 18. Bd3 Bh4 19. Bxe4 Bxe4 20. Re2 d5 21.
Nd6 Rd8 22. Nxe4 dxe4 23. Rd2 Re8 24. Rd7 e3 25. Bxe3 Rxe3 26. Nf3 Bf6 27. Qd2
Re8 28. c3 Qe4 29. Qd5 Qxd5 30. Rxd5 Rc8 31. g3 h6 32. Ne1 Ne7 33. Rd7 Nc6 34.
Rd5 Na5 35. b4 Bxc3 36. Nc2 cxb4 37. Rxa5 b3 0-1

[Event "?"]
[Site "?"]
[Date "2004.03.28"]
[Round "8.20"]
[White "Sharevich, A."]
[Black "Mamedjarova, Z."]
[Result "1-0"]
[WhiteElo "2236"]
[BlackElo "2341"]
[PlyCount "107"]
[EventDate "2004.??.??"]

1. d4 d5 2. Nf3 Nf6 3. g3 e6 4. Bg2 Be7 5. O-O O-O 6. c4 dxc4 7. Qc2 b5 8. a4
c6 9. axb5 Qb6 10. bxc6 Nxc6 11. Ne5 Nxd4 12. Qxc4 Nd5 13. Nc3 Rd8 14. Ra4 Bd6
15. Nxf7 Kxf7 16. Nxd5 exd5 17. Qxd4 Qxd4 18. Rxd4 Be6 19. Bxd5 Bxd5 20. Rxd5
Be7 21. Rxd8 Rxd8 22. Be3 Bf6 23. Bxa7 Bxb2 24. Kg2 Ke6 25. Rb1 Rd2 26. e4 Ke5
27. Kf3 Rc2 28. Be3 h6 29. h4 Ke6 30. Rd1 Rc8 31. Rd5 Be5 32. Rc5 Ra8 33. Rc6+
Kd7 34. Rc4 Rf8+ 35. Kg2 Bd6 36. f4 Ra8 37. e5 Bb8 38. Kf3 Ra3 39. Ke4 Rb3 40.
Rd4+ Ke7 41. Rd3 Rb5 42. Rd5 Rb3 43. Bc5+ Ke8 44. Rd3 Rb5 45. Bd6 Ba7 46. Kf5
Kf7 47. h5 Bf2 48. Rc3 Ke8 49. Rc8+ Kd7 50. Rc7+ Kd8 51. Rxg7 Rb3 52. Ke6 Rxg3
53. Rxg3 Bxg3 54. f5 1-0

[Event "?"]
[Site "?"]
[Date "2004.03.28"]
[Round "8.21"]
[White "Zaiatz, E."]
[Black "Malysheva, P."]
[Result "1/2-1/2"]
[WhiteElo "2333"]
[BlackElo "2281"]
[PlyCount "127"]
[EventDate "2004.??.??"]

1. d4 d5 2. c4 e6 3. Nc3 c5 4. cxd5 exd5 5. Nf3 Nc6 6. g3 Nf6 7. Bg2 Be7 8. O-O
O-O 9. Bg5 cxd4 10. Nxd4 h6 11. Bf4 Qb6 12. Be3 Qxb2 13. Nxd5 Nxd5 14. Bxd5 Rd8
15. Bxc6 bxc6 16. Qc1 Qxc1 17. Rfxc1 Bg5 18. Bxg5 Rxd4 19. Be3 Rd6 20. a4 Ba6
21. Ra2 Re6 22. Kf1 Rae8 23. Rc5 Rb8 24. Rc1 Rb7 25. Ke1 Kh7 26. h4 Rbe7 27.
Rac2 Re4 28. Rxc6 Rxa4 29. Rc7 Rae4 30. Rxe7 Rxe7 31. Ra1 Re6 32. Ra2 Bc4 33.
Rxa7 Ra6 34. Rc7 Ra1+ 35. Kd2 Ra2+ 36. Kc3 Bxe2 37. Rxf7 Kg8 38. Re7 Bh5 39.
Bd4 Bf7 40. g4 Ra3+ 41. Kb4 Rf3 42. g5 hxg5 43. hxg5 Rf4 44. Kc3 Kf8 45. Rc7
Rf5 46. Be3 Kg8 47. f4 Bh5 48. Kd3 Rf7 49. Rc8+ Rf8 50. Rc1 Bg6+ 51. Ke2 Bf5
52. Kf3 Rc8 53. Rg1 Kf7 54. Bd4 Rc7 55. g6+ Bxg6 56. Rg5 Rd7 57. Ke3 Re7+ 58.
Kf2 Rd7 59. Be5 Rd5 60. Rg1 Rd2+ 61. Ke3 Rd3+ 62. Ke2 Rd5 63. Ra1 Bf5 64. Ra7+
1/2-1/2

[Event "?"]
[Site "?"]
[Date "2004.03.28"]
[Round "8.22"]
[White "Shaidullina, S."]
[Black "Makropoulou, M."]
[Result "1-0"]
[WhiteElo "2316"]
[BlackElo "2266"]
[PlyCount "67"]
[EventDate "2004.??.??"]

1. d4 g6 2. Nf3 Bg7 3. c4 d6 4. g3 Nd7 5. Bg2 e5 6. O-O Ne7 7. Nc3 O-O 8. e4
exd4 9. Nxd4 Nc6 10. Nxc6 bxc6 11. Qc2 Ne5 12. c5 dxc5 13. Rd1 Qe7 14. f4 Nc4
15. e5 Bg4 16. Re1 Qd7 17. Qf2 Qd4 18. h3 Be6 19. Ne4 Rab8 20. Nxc5 Qxf2+ 21.
Kxf2 Nxb2 22. Re2 Nc4 23. a4 Rfd8 24. Nxe6 fxe6 25. Rc2 Rb4 26. Bxc6 Bf8 27. a5
Rd1 28. Ra4 Rxa4 29. Bxa4 Nxa5 30. Rxc7 Rd8 31. Be3 Bb4 32. Bd7 Kf8 33. Bxe6 a6
34. f5 1-0

[Event "?"]
[Site "?"]
[Date "2004.03.28"]
[Round "8.23"]
[White "Bashkite, V."]
[Black "Olarasu, G."]
[Result "1/2-1/2"]
[WhiteElo "2119"]
[BlackElo "2311"]
[PlyCount "102"]
[EventDate "2004.??.??"]

1. e4 e5 2. Nf3 d6 3. d4 exd4 4. Nxd4 Nf6 5. Nc3 Be7 6. Bf4 O-O 7. Qd2 Nc6 8.
O-O-O Nxd4 9. Qxd4 Be6 10. Bc4 Nh5 11. Be3 Bxc4 12. Qxc4 Bg5 13. Nd5 Bxe3+ 14.
Nxe3 Re8 15. g4 Nf6 16. f3 Nd7 17. Qc3 Qg5 18. Kb1 Qc5 19. Qb3 Nb6 20. Nd5 Nxd5
21. Rxd5 Qc6 22. h4 b6 23. Rhd1 Re6 24. Qd3 Qe8 25. Qc4 Qe7 26. h5 a5 27. Qc6
Rd8 28. a4 Re5 29. R1d4 f6 30. Rc4 Rd7 31. Ka2 Kf7 32. f4 Rxd5 33. exd5 Qd8 34.
Re4 Re7 35. Re6 Rxe6 36. dxe6+ Kxe6 37. Qe4+ Kf7 38. Qxh7 Qd7 39. Qg6+ Kf8 40.
b3 Qe7 41. g5 fxg5 42. fxg5 Qf7 43. Qh7 c6 44. h6 gxh6 45. Qxh6+ Ke7 46. g6 Qf5
47. Qh4+ Kd7 48. Qh7+ Ke6 49. Qg8+ Kd7 50. Qg7+ Ke6 51. Qg8+ Kd7 1/2-1/2

[Event "?"]
[Site "?"]
[Date "2004.03.28"]
[Round "8.24"]
[White "Lagvilava, G."]
[Black "Papadopoulou, V."]
[Result "1-0"]
[WhiteElo "2302"]
[BlackElo "2247"]
[PlyCount "101"]
[EventDate "2004.??.??"]

1. e4 c5 2. Nc3 Nc6 3. Bb5 g6 4. Bxc6 bxc6 5. d3 Bg7 6. f4 d6 7. Nf3 Nh6 8. O-O
f5 9. Qe2 O-O 10. e5 Rb8 11. Kh1 Nf7 12. Re1 Qc7 13. Na4 Nd8 14. b3 Ne6 15. Bd2
Nd4 16. Nxd4 cxd4 17. exd6 exd6 18. c3 dxc3 19. Bxc3 Bxc3 20. Nxc3 Bd7 21. d4
Rbe8 22. Qc4+ Kg7 23. d5 c5 24. b4 Rxe1+ 25. Rxe1 Re8 26. Rxe8 Bxe8 27. b5 Qa5
28. h3 Qb4 29. Qd3 Qxf4 30. a4 Qb4 31. Qf3 Bf7 32. Kh2 h6 33. Kg3 g5 34. Kh2 f4
35. Qd3 Bg6 36. Qd2 Bf7 37. Qd3 Qd4 38. Qf3 c4 39. a5 Bg6 40. b6 a6 41. Ne2 Qc5
42. Qc3+ Kh7 43. Qd4 Qc8 44. Qf6 f3 45. gxf3 Qe8 46. Qe6 Qf8 47. Kg2 Bh5 48.
Nd4 c3 49. b7 c2 50. Qc8 g4 51. hxg4 1-0